| 000 | 00392nam a22001577a 4500 | ||
|---|---|---|---|
| 999 |
_c532075 _d532075 |
||
| 003 | NUST | ||
| 005 | 20191107124823.0 | ||
| 008 | 191107b ||||| |||| 00| 0 eng d | ||
| 038 | _aMSOHAIL | ||
| 082 | _a0 | ||
| 100 |
_aAbu Al Kashif Qadri _921038 |
||
| 245 |
_aSharah Kalam: _bMian Muhammad Bakhsh |
||
| 260 |
_aLahore _bMushtaq Book Corner _cc2009 |
||
| 300 | _ap;1127 | ||
| 942 |
_2ddc _cBK |
||